Islam's perfect stranger (Record no. 226290)
[ view plain ]
| 000 -LEADER | |
|---|---|
| fixed length control field | 01438nam a2200349 a 4500 |
| 100 1# - MAIN ENTRY--AUTHOR NAME | |
| Personal name | Thomas, Edward. |
| 245 10 - TITLE STATEMENT | |
| Title | Islam's perfect stranger |
| 260 ## - PUBLICATION, DISTRIBUTION, ETC. (IMPRINT) | |
| Place of publication | London : |
| Name of publisher | I.B. Tauris, |
| Year of publication | 2011. |
| 300 ## - PHYSICAL DESCRIPTION | |
| Number of Pages | x, 281 p. |
| 490 1# - SERIES STATEMENT | |
| Series statement | International library of African studies ; |
| 650 #0 - SUBJECT ADDED ENTRY--TOPICAL TERM | |
| Topical Term | Reformers |
| Topical Term | Islam |
| 856 40 - ELECTRONIC LOCATION AND ACCESS | |
| Uniform Resource Identifier | http://site.ebrary.com/lib/rucke/Doc?id=10456932 |
No items available.
